000 01358cad a2200253 4500
001 L158285
008 040913n2012 000 0 eng u
035 _a(Sirsi) u158285
041 _aeng
110 2 _aOccupiers Journal Limited
_96144
245 0 0 _aRaising the Bar:
_bEnhancing the Strategic Role of Facilities Management
_h[electronic resource]
260 _aLondon
_bRICS
_c2012
490 0 _aRaising the Bar
_vI
490 0 _aRICS Research
520 _aFirst in a series of research reports Raising the Bar on facilities management. This study was designed to review the state of the practice of the facilities profession in 2012, to identify critical FM challenges, and to focus in particular on the relationships between FM and other key functional areas such as corporate strategy, business unit leadership, CRE, Finance, HR, and IT. Part II L158282 and Part III L159408.
650 2 4 _aStrategic Facilities Management
651 4 _aENGLAND AND WALES
690 _aFacilities management
_96240
700 1 _aWare, J. P.
700 1 _aCarder, Paul
710 1 _aRoyal Institution of Chartered Surveyors
_94900
856 4 8 _uhttps://www.rics.org/globalassets/rics-website/media/knowledge/research/research-reports/raising-the-bar-i-enhancing-the-strategic-role-of-fm-rics.pdf
_zView the item free of charge from www.rics.org
942 _n0
999 _c115246
_d115246